| 000 | 00902nam a2200253Ia 4500 | ||
|---|---|---|---|
| 008 | 130821s2006 ck gr spa | ||
| 020 | _a9580494274 | ||
| 040 |
_aCo-BoUCM _bspa |
||
| 041 | 0 | 0 | _aspa |
| 100 | 1 |
_aAburdene, Patricia _9139896 |
|
| 245 | 1 | 0 |
_aMegatendencias 2010 _cPatricia Aburdene ; traducción, Jorge Cárdenas Nanneti |
| 260 |
_aBogotá (Colombia) _bGrupo Editorial Norma _c2006 |
||
| 300 | _axxx, 313 páginas. | ||
| 500 | _aDonación Dr. Guillermo Galán. | ||
| 504 | _aIncluye índice general. | ||
| 650 | 0 | 4 |
_aAdministración de empresas _9435 |
| 650 | 0 | 4 |
_aÉtica de los negocios _915233 |
| 650 | 0 | 4 |
_aÉxito en los negocios _915417 |
| 650 | 0 | 4 |
_aResponsabilidad social de los negocios _923694 |
| 700 | 1 |
_aCárdenas Nannetti, Jorge _d1906- _990606 |
|
| 765 | _tMegatrends 2010 | ||
| 942 |
_cLIBRO _a16 _e1 _mA167m _2DEWEY _h658.408 |
||
| 999 |
_c65421 _d65421 |
||